000 01185cam a22002174a 4500
005 20250605164002.0
008 250528s ||||||||||||||||||||||||d
035 _a15664
020 _a33359388
040 _aGR-AtMCL
_bgre
_dGR-AtMCL
_eAACR2
245 1 _aIntroduction to Stock Exchange Investment / Second Edition
250 _a2nd
260 _c1993
300 _a448
520 _aThis book analyses the principles underlying different types of stock exchange investment, in particular their risk and return characteristics. Preface, Glossary of Terms Used, The Stock Exchange, Evaluation of Securities, Risk and Return, Gilt-Edged Securities, Investment in Fixed Interest Securities, Ordinary Shares, Financial Futures, Options, Investment Strategy, Portfolio Theory, The Capital Asset Pricing Model, Efficient Markets, International Investment and Investing Institutions, International Investment, Investing Institutions, Conclusion, Investment Objectives and Investment Policy and Performance Measurement, Appendices, Bibliography, Index.
700 1 _aMacmillan
_9736
700 1 _aRutterford Janette
_91629
942 _cBK
999 _c1227
_d1227